000 00843cab a2200241 4500
001 WB3301-10
008 090401t1996 xxu||||| |||| 00| 0 eng d
035 _a(Sirsi) u12765
041 _aeng
245 _aBleak house
260 _c1996
350 _a0
490 _aGuardian
_v24 December 1996, 11
490 _aObserver
_v29 December 1996, 17(2)
520 _aReports on the findings of the "Energy Report" published by the DoE from its "1991 House Condition Survey". It claims that half the homes in Britain aren`t warm enough in cold weather and one in five can`t be made warm enough.
650 _aENGLISH HOUSE CONDITION SURVEY 1991
650 _aDOMESTIC PROPERTY
650 _aENERGY EFFICIENCY
650 _aENERGY REPORT
690 _aBUILDING AND CONSTRUCTION-ENERGY CONSERVATION
942 _n0
948 _c04/03/1997
999 _c8178
_d8178